Govt. of
Madhya Pradesh

A Philosophy of Indian Economic Development (Record no. 34845)

MARC details
000 -LEADER
fixed length control field 004560000a22001690004500
003 - CONTROL NUMBER IDENTIFIER
control field MACL
005 - DATE AND TIME OF LATEST TRANSACTION
control field 20151231163554.0
008 - FIXED-LENGTH DATA ELEMENTS--GENERAL INFORMATION
fixed length control field 151231b xxu||||| |||| 00| 0 eng d
040 ## - CATALOGING SOURCE
Original cataloging agency MACL
Transcribing agency MACL
041 ## - LANGUAGE CODE
Language code of text/sound track or separate title English
082 ## - DEWEY DECIMAL CLASSIFICATION NUMBER
Classification number 330/GRE
100 ## - MAIN ENTRY--PERSONAL NAME
Personal name Gregg, Richard B.
9 (RLIN) 24918
245 ## - TITLE STATEMENT
Title A Philosophy of Indian Economic Development
260 ## - PUBLICATION, DISTRIBUTION, ETC. (IMPRINT)
Name of publisher, distributor, etc. Navajivan Publishing House
Date of publication, distribution, etc. 1958
Place of publication, distribution, etc. Ahmedabad
650 ## - SUBJECT ADDED ENTRY--TOPICAL TERM
Topical term or geographic name as entry element Economics
9 (RLIN) 25971
942 ## - ADDED ENTRY ELEMENTS (KOHA)
Koha item type Books
Call number prefix 330/Gre
Source of classification or shelving scheme
Holdings
Withdrawn status Lost status Source of classification or shelving scheme Damaged status Not for loan Home library Current library Date acquired Total Checkouts Full call number Barcode Date last seen Uniform Resource Identifier Price effective from Koha item type
          MACL MACL 15/04/2015   330/Gre CLE009492 29/04/2015 35050 15/04/2015 Books